00399nam a2200145Ia 450000500170000000800410001708200130005810000150007124500480008626000640013430000150019865000200021365000120023365000080024520240606065149.0240331s9999 xx 000 0 und d a346bSID aSiddiqui,T 0aMuslim women's right in muslim personal law aNew DelhibSarojini Naidu Centre for Women's Studies c2006 avii,65 p., aWomen's Rights  aMuslims aLaw